000 00581nam a22002177a 4500
003 OSt
005 20150427131818.0
008 150427b xxu||||| |||| 00| 0 eng d
020 _a9781429201469
040 _cDDC
082 _222nd ed.
_a577.1 BAI 2008
100 _aBaird, Colin
_9927
245 _aEnvironmental chemistry
250 _a4th ed.
260 _aNew York;
_bW.H. Freeman,
_c2008
300 _a773P;
_bcol.ill:
_c24cm
504 _aAppendices, & index included
650 _aEnvironmental chemistry
_94192
700 _aCann, Michael
_94193
942 _2ddc
_cO_SHELF
999 _c1584
_d1584